000 01544ctm a2200313 i 4500
003 SA-RiAUC
005 20251216123029.0
008 251208s1996 su b f bm 000r0 ara c
040 _aSA-JeALM
_bara
_cSA-RiAUC
_erda
043 _aa-su---
082 0 4 _a953.121
090 _aر 953.121
_bب د ر
100 1 _aبدرشينى، أحمد هاشم أحمد.
_eمؤلف.
245 1 0 _aمكة المكرمة والمدينة المنورة في رحلة ابن بطوطة :
_bدراسة تاريخية وحضارية مقارنة في القرن الثامن الهجري /
_cإعداد أحمد هاشم أحمد بدرشيني.
264 0 _aجدة :
_bجامعة الملك عبدالعزيز
_c1996
300 _a326 ورقة :
_bخرائط ؛
_c30 سم
336 _aنص
_btxt
_2rdacontent
_3أطروحة
337 _aبدون وسيط
_bn
_2rdamedia
338 _aمجلد
_bnc
_2rdacarrier
500 _aأطروحة (ماجستير)-جامعة الملك عبد العزيز، 1417 هجري.
502 _aأطروحة (ماجستير)-جامعة الملك عبد العزيز، 1417 هجري.
504 _aببليوجرافية : ورقة 306-325.
610 2 7 _aجامعة الملك عبد العزيز
_xتاريخ
_2aucnm
651 7 _aمكة المكرمة
_xتاريخ
_yقرن 8 هجري
_2aucsh
651 7 _aالمدينة المنورة
_xتاريخ
_yقرن 8 هجري
_2aucsh
700 _aحسين, صابر محمد دياب.
_eاشراف
942 _2ddc
_cTHESES
_n0
949 _aSA-JeALM
_d251208
_umohamedma123
_n1
999 _c13561
_d13561